00633nam a2200181Ia 4500003000400000008004100004020001500045040001600060082002300076100003300099245006400132260008700196300002700283490004000310650005300350650001900403650002900422GCL140319s9999 xx 000 0 ara d a5714261977 aGCL / cGCL04aطb962.074bا س1 aاشرف سيد العقبى10aسر مدافع الماء / cاشرف سيد العقبى aالقاهرة : bدار اخبار اليوم. قطاع الثقافة ، c1999 a:bايض ؛ c22 سم aبطولات حرب اكتوبرv004aالنزاع العربى الاسرائيلى04aالاطفال04aحرب اكتوبر 1973